000 00499nam a2200193Ia 4500
003 LK-CoDNM
005 20240826152245.0
008 010623t1932 xxu||||| |||| 00| 1 eng d
040 _aLK-CoDNM
_dLK-CoDNM
_eLK-CoDNM
041 _aeng
080 _a22
_bK38
100 _aSastri,K.A.Nilakanta
245 _aStudies in Cola History and Administration
260 _bUniversity of Madras
_c1932
300 _b209p. : 1ill , plan, ill ; 26 cm
650 _aIndia
650 _aTamil
942 _cBK
999 _c96164
_d96164